000 00397nam a22001457a 4500
005 20200611134549.0
008 200611b xxu||||| |||| 00| 0 eng d
082 _a345.4 AIR
110 _aALL INDIA REPORTER,
_95998
245 _aALL INDIA REPORTER, [2000] [VOL-87] ALLAHABAD SECTION
260 _aBOMAY
_bALL INDIA REPORTER, PVT. LTD.
300 _a528; p
650 _aLAW
_95701
942 _cJRL
999 _c7057
_d7055